<?xml version="1.0" encoding="UTF-8"?>
<record
    xmlns:xsi="http://www.w3.org/2001/XMLSchema-instance"
    xsi:schemaLocation="http://www.loc.gov/MARC21/slim http://www.loc.gov/standards/marcxml/schema/MARC21slim.xsd"
    xmlns="http://www.loc.gov/MARC21/slim">

  <leader>02265nab a2200253uuc4500</leader>
  <controlfield tag="001">1568908</controlfield>
  <controlfield tag="005">20240202135307.0</controlfield>
  <controlfield tag="008">220322e20180601                    eng  </controlfield>
  <datafield tag="035" ind1=" " ind2=" ">
    <subfield code="a">1568908</subfield>
  </datafield>
  <datafield tag="040" ind1=" " ind2=" ">
    <subfield code="c">comduadb</subfield>
  </datafield>
  <datafield tag="041" ind1=" " ind2=" ">
    <subfield code="a">eng</subfield>
  </datafield>
  <datafield tag="100" ind1="1" ind2="0">
    <subfield code="a">Manjhi, Ganesh</subfield>
    <subfield code="4">aut</subfield>
    <subfield code="e">aut</subfield>
    <subfield code="9">818147</subfield>
  </datafield>
  <datafield tag="245" ind1="1" ind2="0">
    <subfield code="a">Political transfer cycles from the centre to the states</subfield>
  </datafield>
  <datafield tag="520" ind1="3" ind2=" ">
    <subfield code="a">RESUMEN: Usando el m&#xE9;todo agrupamiento de medias (PMG), este documento intenta estimar los ciclos de las transferencias en las elecciones parlamentarias y de asambleas en India desde 1980-81 hasta 2010-11. Encontramos que dichos ciclos son m&#xE1;s pronunciados en el a&#xF1;o anterior a las elecciones parlamentarias y en el a&#xF1;o de las elecciones de asambleas en el caso de los pr&#xE9;stamos desde el centro. Adicionalmente, a partir de un modelo Logit, se pudo establecer que las manipulaciones oportunistas de las subvenciones del centro en el a&#xF1;o anterior a las elecciones parlamentarias y los niveles de pr&#xE9;stamos del centro en el a&#xF1;o de las elecciones de la asamblea pueden ayudar a mantener el poder de quien actualmente lo detenta. Se encuentra que la inflaci&#xF3;n es electoralmente perjudicial para los gobernantes, ya que aumenta la probabilidad de perder las elecciones a nivel nacional, pero no necesariamente a nivel de los estados. Del mismo modo, es m&#xE1;s probable que un gobierno de derecha gane las elecciones, mientras que, si el centro y los estados tienen el mismo gobierno o si el gobierno del estado es un aliado, la posibilidad de retener el poder para el gobierno nacional se reduce, y aumenta en el caso de los gobiernos a nivel estatal. Asimismo, un gobierno de coalici&#xF3;n, en general, reduce la posibilidad de ganar en las elecciones parlamentarias y estatales.</subfield>
  </datafield>
  <datafield tag="650" ind1=" " ind2=" ">
    <subfield code="a">M&#xE9;todo de agrupamiento de medias (PMG)</subfield>
    <subfield code="9">236230</subfield>
  </datafield>
  <datafield tag="650" ind1=" " ind2=" ">
    <subfield code="a">Ciclos politicos</subfield>
    <subfield code="9">78358</subfield>
  </datafield>
  <datafield tag="650" ind1=" " ind2=" ">
    <subfield code="a">Transferencias pol&#xED;ticas</subfield>
    <subfield code="9">232562</subfield>
  </datafield>
  <datafield tag="650" ind1=" " ind2=" ">
    <subfield code="a">Transferencias de recursos</subfield>
    <subfield code="9">106278</subfield>
  </datafield>
  <datafield tag="650" ind1=" " ind2=" ">
    <subfield code="a">India - Aspectos econ&#xF3;micos</subfield>
    <subfield code="9">183732</subfield>
  </datafield>
  <datafield tag="650" ind1=" " ind2=" ">
    <subfield code="a">Elecciones - India</subfield>
    <subfield code="9">215512</subfield>
  </datafield>
  <datafield tag="700" ind1="1" ind2="0">
    <subfield code="a">Mehra, Meeta Keswani</subfield>
    <subfield code="4">aut</subfield>
    <subfield code="e">aut</subfield>
    <subfield code="9">818148</subfield>
  </datafield>
  <datafield tag="773" ind1="0" ind2=" ">
    <subfield code="t">Ensayos Sobre Pol&#xED;tica Econ&#xF3;mica (Bogot&#xE1;)</subfield>
    <subfield code="g">Volumen 36, N&#xFA;mero 86, Junio de 2018, 207-241</subfield>
    <subfield code="w">280112</subfield>
    <subfield code="x">0120-4483</subfield>
    <subfield code="0">96314</subfield>
  </datafield>
  <datafield tag="942" ind1=" " ind2=" ">
    <subfield code="c">ARIMP</subfield>
  </datafield>
  <datafield tag="999" ind1=" " ind2=" ">
    <subfield code="c">845702</subfield>
    <subfield code="d">845702</subfield>
  </datafield>
</record>
